Bières par pays - Statistiques

Statistiques générales
  • Ce quiz a été pris 307 fois
  • Le résultat moyen est 7 sur 16
Statistiques - réponses
Hint Réponse % Correct
Peroni Italie
84%
Guiness Irlande
83%
Tsingtao Chine
75%
Leffe Belgique
64%
Skoll Danemark
52%
Heineken Pays-bas
51%
Kronenbourg France
47%
Alhambra Espagne
44%
Super Bock Portugal
44%
Lager Allemagne
43%
Blue Moon états-unis
33%
Baltika Russie
28%
Black Label Afrique du sud
25%
Egger Suisse
22%
Imperial Costa rica
13%
Budweiser Tchéquie
10%
Aucun quiz correspondant
Distribution des résultats
% des personnes avec chaque résultat
Percentile par nombre de réponses
Votre historique - résultats
Vous n’avez pas pris ce quiz